000 00605nam a2200205Ia 4500
003 GCL
008 140319s9999 xx 000 0 ara d
020 _a977090256x
040 _aGCL /
_cGCL
082 0 4 _a816.05
_bم ا
100 1 _aمحمد الجوادى
245 1 0 _aاوراق القلب /
_cمحمد الجوادى
260 _aالقاهرة :
_bدار الشروق ،
_c1994
300 _a95 ص ؛
_c20 سم
490 _a
650 0 4 _aالادب العربى
650 0 4 _aالرسائل العربية
650 0 4 _aالرسائل العربية - مجموعات
942 _2ddc
_cBK
999 _c39768
_d39768